| 000 | 00620nam a2200229 a 4500 | ||
|---|---|---|---|
| 001 | 42795 | ||
| 003 | BD-RjUL | ||
| 005 | 20211209053607.0 | ||
| 008 | 160615s1937 xxk 001 0 eng | ||
| 035 | _a(BD-RjUL)42913 | ||
| 035 | _a(OCoLC)4555808 | ||
| 040 |
_aDLC _cCSbC _dDLC _dBD-RjUL _beng |
||
| 041 | _aeng | ||
| 082 |
_223 _a330.1 _bWAG 1937 |
||
| 100 | 1 |
_aWatson, Joseph _9131519 |
|
| 245 | 1 | 4 |
_aThe groundwork of economic theory / _cby J. Watson |
| 260 |
_aLondon : _bP. S. King & Son Ltd., _c1937 |
||
| 300 |
_a 196p. ; _c22 cm. |
||
| 500 | _aincludes Index | ||
| 650 | 0 |
_aEconomics _9131520 |
|
| 942 |
_2ddc _cBK |
||
| 999 |
_c42795 _d42795 |
||